The politics of education : (Record no. 18637)

000 -LEADER
fixed length control field 00602pam a2200205 a 4500
020 ## - INTERNATIONAL STANDARD BOOK NUMBER
ISBN 0897890426 :
020 ## - INTERNATIONAL STANDARD BOOK NUMBER
ISBN 0897890434 (pbk.) :
040 ## - CATALOGING SOURCE
Transcribing agency DLC
082 00 - DEWEY DECIMAL CLASSIFICATION NUMBER
Classification number 370 BGR 1985 C149 Or.
100 1# - MAIN ENTRY--AUTHOR NAME
Personal name Freire, Paulo,
245 14 - TITLE STATEMENT
Title The politics of education :
Remainder of title culture, power, and liberation /
260 ## - PUBLICATION, DISTRIBUTION, ETC. (IMPRINT)
Place of publication South Hadley, Mass. :
Name of publisher Bergin & Garvey,
Year of publication 1985.
300 ## - PHYSICAL DESCRIPTION
Number of Pages xxvii, 209 p. :
Other physical details ill. ;
Dimensions 24 cm.
650 #0 - SUBJECT ADDED ENTRY--TOPICAL TERM
Topical Term Literacy.
650 #0 - SUBJECT ADDED ENTRY--TOPICAL TERM
Topical Term Education
650 #0 - SUBJECT ADDED ENTRY--TOPICAL TERM
Topical Term Education
650 #0 - SUBJECT ADDED ENTRY--TOPICAL TERM
Topical Term Education
856 42 - ELECTRONIC LOCATION AND ACCESS
Uniform Resource Identifier http://www.loc.gov/catdir/enhancements/fy1510/84018572-b.html
942 ## - ADDED ENTRY ELEMENTS (KOHA)
Koha item type ADB
952 ## - LOCATION AND ITEM INFORMATION (KOHA)
Withdrawn status [LOCAL, KOHA] 0
Holdings
Source of acquisition Permanent Location Date acquired Koha item type Lost status Shelving location Current Location Full call number
A36313Library Block C2019-12-30សៀវភៅភាសាអង់គ្លេស C149Library Block C370 BGR 1985 C149 Or.
មជ្ឈមណ្ឌលឯការនៃសាកលវិទ្យាល័យភូមិន្ទកសិកម្មចំការដូង

Powered by Koha